00235nam a2200097Ia 4500100003200000654001400032245003000046260003400076082001500110546001200125 aStanton/William J & others  aMARKETING aFundamentals of Marketing bMc Graw HillaNew Delhic1994 a658.8bPAN aENGLISH